000 00530nam a2200169 i 4500
001 74578
003 ES-MaACL
005 20230906172157.0
007 t|
008 040920s1969 sp ||||1| spa d
100 1 _aGonzález López, Ramiro.
_958766
245 1 0 _aGuía turística de Zaragoza /
_cbajo la dirección de Ramiro González López.
260 _aZaragoza :
_bTipo :
_bLinea,
_c1969.
300 _a272 p. :
_bil. ;
_c22 cm.
651 4 _aZaragoza-
_vGuías turísticas.
_9155395
852 _aES-MaACL
_jC-47328
_bR.71484
999 _c74578
_d74578